| 000 -LEADER |
| fixed length control field |
01748cam a2200361 a 4500 |
| 001 - CONTROL NUMBER |
| control field |
15842182 |
| 003 - CONTROL NUMBER IDENTIFIER |
| control field |
Nust |
| 005 - DATE AND TIME OF LATEST TRANSACTION |
| control field |
20170112114915.0 |
| 008 - FIXED-LENGTH DATA ELEMENTS--GENERAL INFORMATION |
| fixed length control field |
090729s2010 nyu 000 f eng |
| 010 ## - LIBRARY OF CONGRESS CONTROL NUMBER |
| LC control number |
2009030660 |
| 020 ## - INTERNATIONAL STANDARD BOOK NUMBER |
| International Standard Book Number |
9780007307524 (pbk) |
| 035 ## - SYSTEM CONTROL NUMBER |
| System control number |
(OCoLC)ocn429473637 |
| 040 ## - CATALOGING SOURCE |
| Original cataloging agency |
DLC |
| Transcribing agency |
DLC |
| Modifying agency |
YDX |
| -- |
YDXCP |
| -- |
GO3 |
| -- |
DLC |
| 050 00 - LIBRARY OF CONGRESS CALL NUMBER |
| Classification number |
PR6119.H35 |
| Item number |
P76 2010 |
| 082 00 - DEWEY DECIMAL CLASSIFICATION NUMBER |
| Classification number |
823.92 |
| Author Mark |
SHA |
| 100 1# - MAIN ENTRY--PERSONAL NAME |
| Personal name |
Shan, Darren. |
| 240 10 - UNIFORM TITLE |
| Uniform title |
Ayuamarca |
| 245 10 - TITLE STATEMENT |
| Title |
Procession of the dead / |
| Statement of responsibility, etc. |
Darren Shan. |
| 250 ## - EDITION STATEMENT |
| Edition statement |
1st U.S. ed. |
| 260 ## - PUBLICATION, DISTRIBUTION, ETC. |
| Place of publication, distribution, etc. |
New York : |
| Name of publisher, distributor, etc. |
Grand Central Pub., |
| Date of publication, distribution, etc. |
2010. |
| 300 ## - PHYSICAL DESCRIPTION |
| Extent |
312 p. ; |
| Dimensions |
24 cm. |
| 490 1# - SERIES STATEMENT |
| Series statement |
City ; |
| Volume/sequential designation |
bk. 1 |
| 500 ## - GENERAL NOTE |
| General note |
First published in Great Britain in 1999 as Ayuamarca: procession of the dead, by Milennium. |
| 520 ## - SUMMARY, ETC. |
| Summary, etc. |
Young, quick-witted and cocksure, Capac Raimi arrives in the City determined to make his mark in a world of sweet, sinister sin. Then Capac crosses paths with The Cardinal, and his life changes forever. Faced with hard choices and his own soaring ambition, Capac must find his way alone in this deadly world. |
| 650 #0 - SUBJECT ADDED ENTRY--TOPICAL TERM |
| Topical term or geographic name entry element |
Gangsters |
| Form subdivision |
Fiction. |
| 650 #0 - SUBJECT ADDED ENTRY--TOPICAL TERM |
| Topical term or geographic name entry element |
Magic realism (Literature) |
| 655 #7 - INDEX TERM--GENRE/FORM |
| Genre/form data or focus term |
Noir fiction. |
| Source of term |
gsafd |
| 800 1# - SERIES ADDED ENTRY--PERSONAL NAME |
| Personal name |
Shan, Darren. |
| Title of a work |
City ; |
| Volume/sequential designation |
bk. 1. |
| 856 42 - ELECTRONIC LOCATION AND ACCESS |
| Materials specified |
Publisher description |
| Uniform Resource Identifier |
<a href="http://www.loc.gov/catdir/enhancements/fy1012/2009030660-d.html">http://www.loc.gov/catdir/enhancements/fy1012/2009030660-d.html</a> |
| 856 42 - ELECTRONIC LOCATION AND ACCESS |
| Materials specified |
Contributor biographical information |
| Uniform Resource Identifier |
<a href="http://www.loc.gov/catdir/enhancements/fy1012/2009030660-b.html">http://www.loc.gov/catdir/enhancements/fy1012/2009030660-b.html</a> |
| 906 ## - LOCAL DATA ELEMENT F, LDF (RLIN) |
| a |
7 |
| b |
cbc |
| c |
orignew |
| d |
1 |
| e |
ecip |
| f |
20 |
| g |
y-gencatlg |
| 942 ## - ADDED ENTRY ELEMENTS (KOHA) |
| Source of classification or shelving scheme |
|
| Koha item type |
Book |